00434nam a2200193Ia 4500003000900000008004100009040001300050040001300063041000800076100002200084245005200106250000900158260001300167260000900180300001100189300000800200490002600208490000600234IT-RoPAU120407s9999 xx 000 0 und d aIT-RoPAU cIT-RoPAU aita aGiuseppe Ghiberti aLa sepoltura di Gesù€. I Vangeli e la Sindone. aRoma aMarietti c1982 a115 p. c cm aStudia Taurinensia, 3 v1